01816 a2200169 45000010006000000050017000060080041000230030015000640400040000790800068001192450042001872500011002292640047002403000019002875051315003061000025016215438120260407155816.0260407a1959 arg spa dAR-UNSa-BCEJYS aAR-UNSa-BCEJYSbspacAR-UNSa-BCEJYS a336.1xFinanzas Públicas. Finanzas del gobierno en general 10aPrincipios de ciencia de las finanzas a6a.ed. 1aBuenos Aires :bRoque Depalma Editorc1959 a419 p.c24 cm. aPrimera parte: Problemas teóricos generales y líneas fundamentales del sistema financiero italiano - I. La actividad financiera - II. El presupuesto del Estado - III. Los gastos públicos - IV. El sistema de los recursos públicos - V. Presión financiera - VI. Traslación,incidencia y difusión de los impuestos y rentas fiscales - Segunda parte: Análisis crítico de los recursoso públicos - VII. Las retribuciones,el dominio,el patrimonio y las empresas públicas - VIII. Las tasas - IX. Contribuciones e impuestos especiales - X. Teoría general del impuesto - XI. Impuestos directos reales a los réditos - XII. Impuestos directos personales a los réditos - XIII. La determinación de los impuestos a los réditos despues de las Leyes Vanoni y Tremelloni - XIV. Impuestos directos sobre el patrimonio - XV. Impuestos sobre las transferencias de la riqueza - XVI. Impuesto general sobre el ingreso - XVII. Monopolios fiscales,impuestos de fabricación,derechos aduaneros y otros impuestos indirectos estatales - XVIII. Análisis estadístico y comparado del producido de lso ingresos estatales desde 1938-1939 hasta 1956-1957 - XIX. Finanzas locales y regionales - XX. Contencioso tributario y recaudación de los impuestos - XXI. La deuda pública y los recursos extraordinarios1 aGriziotti, Benvenuto